|
|
|
|
| LEADER |
00000nab a2200000uu 4500 |
| 001 |
vtls011511904 |
| 003 |
SK-MaSNL |
| 005 |
20260303181105.0 |
| 008 |
230704|1965 xo |||||||||||||||||slo| |
| 015 |
|
|
|a SNBRB
|
| 035 |
|
|
|a (urnnbn)urn:nbn:sk:snk:ar-001at4
|
| 035 |
|
|
|a (uuid)a0fc2f2b-8721-425b-b531-f966164490e9
|
| 035 |
|
|
|a urn:nbn:sk:snk-abe2em
|
| 040 |
|
|
|a SNKBUCL
|b slo
|c SNKBUCL
|e AACR2
|
| 041 |
0 |
|
|a slo
|
| 044 |
|
|
|a xo
|c SK
|
| 100 |
1 |
|
|a Beneš, Jan,
|d 1936-2007
|4 aut
|9 99493
|
| 245 |
1 |
0 |
|a Volať sa Ingrid
|c Jan Beneš
|
| 773 |
0 |
|
|t Slovenské pohľady
|g Roč. (81), č. 7 (1965), s. 54-57
|
| 850 |
|
|
|a Slovenská národná knižnica
|
| 852 |
|
|
|a Slovenská národná knižnica
|
| 954 |
|
|
|a beletria cudzojazyčná (svetová)
|2 lita
|
| 958 |
|
|
|a OND
|
| 958 |
|
|
|a EUIPO
|
| 958 |
|
|
|a article21
|
| 999 |
|
|
|c 2109069
|d 2110999
|